JRA歴代年度代表馬 - Statistics

General Stats
  • This quiz has been taken 53 times
    18 since last reset
  • The average score is 35 of 72
Answer Stats
ヒント Answer % Correct
2011 オルフェーヴル
94%
1990 オグリキャップ
88%
2000 テイエムオペラオー
88%
2005 ディープインパクト
88%
2006 ディープインパクト
88%
2012 ジェンティルドンナ
88%
2014 ジェンティルドンナ
88%
2022 イクイノックス
88%
2023 イクイノックス
88%
1964 シンザン
81%
1965 シンザン
81%
1993 ビワハヤヒデ
81%
1994 ナリタブライアン
81%
2016 キタサンブラック
81%
2017 キタサンブラック
81%
2018 アーモンドアイ
81%
2020 アーモンドアイ
81%
2024 ドウデュース
81%
1984 シンボリルドルフ
75%
1985 シンボリルドルフ
75%
1991 トウカイテイオー
75%
1992 ミホノブルボン
75%
2008 ウオッカ
75%
2009 ウオッカ
75%
2002 シンボリクリスエス
69%
2003 シンボリクリスエス
69%
2004 ゼンノロブロイ
69%
1983 ミスターシービー
63%
1988 タマモクロス
63%
1989 イナリワン
63%
1995 マヤノトップガン
63%
1999 エルコンドルパサー
63%
2010 ブエナビスタ
63%
2019 リスグラシュー
63%
2001 ジャングルポケット
56%
2021 エフフォーリア
56%
1996 サクラローレル
50%
1997 エアグルーヴ
50%
1967 スピードシンボリ
44%
1970 スピードシンボリ
44%
1976 トウショウボーイ
44%
1979 グリーングラス
44%
1998 タイキシャトル
44%
1977 テンポイント
38%
2013 ロードカナロア
38%
1973 タケホープ
31%
2015 モーリス
31%
1960 コダマ
25%
1975 カブラヤオー
25%
1987 サクラスターオー
25%
2007 アドマイヤムーン
25%
1963 メイズイ
19%
1971 トウメイ
19%
1982 ヒカリデユール
19%
1955 オートキツ
13%
1956 メイヂヒカリ
13%
1958 オンワードゼア
13%
1963 リユウフオーレル
13%
1978 カネミノブ
13%
1980 ホウヨウボーイ
13%
1981 ホウヨウボーイ
13%
1954 ハクリヨウ
6%
1957 ハクチカラ
6%
1959 ウイルデイール
6%
1961 ホマレボシ
6%
1962 オンスロート
6%
1966 コレヒデ
6%
1968 アサカオー
6%
1969 タケシバオー
6%
1972 イシノヒカル
6%
1974 キタノカチドキ
6%
1986 ダイナガリバー
6%
No matching quizzes found
Score Distribution
Percent of People with Each Score
Percentile by Number Answered
Your Score History
You have not taken this quiz since the last reset